Countries Closest to Kaliningrad - Statistics

General Stats
  • This quiz has been taken 122 times
  • The average score is 18 of 20
Answer Stats
km Answer mi % Correct
0 Poland 0
99%
0 Lithuania 0
97%
357 Germany 223
96%
91 Latvia 57
96%
525 Finland 328
94%
248 Sweden 155
94%
318 Estonia 199
93%
67 Belarus 42
92%
699 Norway 437
92%
477 Czech Republic 298
89%
662 Hungary 414
89%
587 Slovakia 367
89%
362 Denmark 226
88%
298 Ukraine 186
87%
664 Austria 415
83%
706 Romania 441
83%
870 Slovenia 544
82%
717 Moldova 448
78%
912 Croatia 570
70%
835 Netherlands 522
65%
No matching quizzes found
Score Distribution
Percent of People with Each Score
Percentile by Number Answered
Your Score History
You have not taken this quiz